Lo cómico contemporáneo

محفوظ في:
التفاصيل البيبلوغرافية
المؤلف الرئيسي: Espina, Antonio
التنسيق: كتاب
اللغة:Undetermined
منشور في: Madrid, España Cuadernos literarios 1928
الموضوعات:
الوسوم: إضافة وسم
لا توجد وسوم, كن أول من يضع وسما على هذه التسجيلة!

MARC

LEADER 00000nam a2200000Ia 4500
008 170316s9999 xx 000 0 und d
040 |a cru BVZT 
090 |a 860 E-8c 
100 |a Espina, Antonio 
245 |a Lo cómico contemporáneo 
260 |a Madrid, España 
260 |b Cuadernos literarios 
260 |c 1928 
300 |a 107 páginas 
650 |a LITERATURA LATINOAMERICANA 
999 |c 8654  |d 8654 
942 |c 15 D  |h 860 E-8c  |2 z